000 00817nas a2200265 4500
001 BR0802006
003 BR-BrBNA
005 20231205111904.0
007 ta
008 230509b bl.|||p| |||| 00| 00por d
040 _aBR-BrBNA
_bpor
_cBiblioteca Nacional de Agricultura
041 _a(Pt)
072 _aF01; F07
100 1 _aZero, V.M.
100 1 _aLima, S.L. de
245 1 _aManejo e produtividade da cultura da batata-doce (Ipomoea batatas)no município de Presidente Prudente
650 _aBATATA DOCE
650 _aMANEJO
650 _aPRODUTIVIDADE
650 _aCULTIVO DO SOLO
773 0 _tEnergia na Agricultura (Brazil)
_xISSN 1808-8759
_g(2005), v. 20(4) p. 94-117
_wBR0802006
856 4 0 _dLink DSPACE/MAPA BR0802006
909 _a202311
_bLúcia
_c55
_dLúcia Elande
942 _2AGRIS
_n0
_cANA
999 _c194973
_d194973